书目信息 |
| 题名: |
天理教事件与清中叶的政治、学术与社会
|
|
| 作者: | 张瑞龙 著 | |
| 分册: | ||
| 出版信息: | 北京 中华书局 2014 |
|
| 页数: | 330页 | |
| 开本: | 24cm | |
| 丛书名: | ||
| 单 册: | ||
| 中图分类: | K249.305 | |
| 科图分类: | ||
| 主题词: | 天理教--中国--清代--史料 | |
| 电子资源: | ||
| ISBN: | 978-7-101-10150-8 | |
| 000 | 01106nam0 2200253 450 | |
| 001 | 340102 | |
| 005 | 20150604164140.79 | |
| 010 | @a978-7-101-10150-8@dCNY65.00 | |
| 100 | @a20140630d2014 kemy0chiy50 ea | |
| 101 | 0 | @achi |
| 102 | @aCN@b110000 | |
| 105 | @ay v 000yy | |
| 106 | @ar | |
| 200 | 1 | @a天理教事件与清中叶的政治、学术与社会@Atian li jiao shi jian yu qing zhong ye de zheng zhi、xue shu yu she hui@d= The Tianli Sect incident and the politics, academy and society in the Mid-Qing@f张瑞龙著@zeng |
| 210 | @a北京@c中华书局@d2014 | |
| 215 | @a330页@d24cm | |
| 300 | @a国家社科基金后期资助项目 | |
| 330 | @a本书以嘉庆十八年发生的天理教事件为中心, 探讨在遭遇西方列强侵略前的半个多世纪, 清帝国朝野上下如何因天理教事件意识到统治危机的降临和为此采取的变革举措, 以及其与清中叶的政治、学术和社会的关联、因应与互动。 | |
| 510 | 1 | @aTianli Sect incident and the politics, academy and society in the Mid-Qing@zeng |
| 606 | 0 | @a天理教@y中国@z清代@j史料 |
| 690 | @aK249.305@v5 | |
| 701 | 0 | @a张瑞龙@Azhang rui long@f(1979)@4著 |
| 801 | 0 | @aCN@b卓展宏图@c20150525 |
| 905 | @dK249.305@e100@f5 | |
| 天理教事件与清中叶的政治、学术与社会= The Tianli Sect incident and the politics, academy and society in the Mid-Qing/张瑞龙著.-北京:中华书局,2014 |
| 330页;24cm |
| 国家社科基金后期资助项目 |
| ISBN 978-7-101-10150-8:CNY65.00 |
| 本书以嘉庆十八年发生的天理教事件为中心, 探讨在遭遇西方列强侵略前的半个多世纪, 清帝国朝野上下如何因天理教事件意识到统治危机的降临和为此采取的变革举措, 以及其与清中叶的政治、学术和社会的关联、因应与互动。 |
| ● |
| 相关链接 |
|
|
|
|
正题名:天理教事件与清中叶的政治、学术与社会
索取号:K249.305/100
 
预约/预借
| 序号 | 登录号 | 条形码 | 馆藏地/架位号 | 状态 | 备注 |
| 1 | 855817 | 208558176 | 第二样本阅览室/ [索取号:K249.305/100] | 在馆 | |
| 2 | 855818 | 208558185 | 第二借阅区/ [索取号:K249.305/100] | 在馆 | |
| 3 | 855819 | 208558194 | 第二借阅区/ [索取号:K249.305/100] | 在馆 | |
| 4 | 855820 | 208558201 | 第二借阅区/ [索取号:K249.305/100] | 在馆 | |
| 5 | 855821 | 208558210 | 密集书库-史法系/ [索取号:K249.305/100] | 在馆 |